Power of Geography (Record no. 120201)

MARC details
000 -LEADER
fixed length control field 00669cam a2200157 4500
001 - CONTROL NUMBER
control field WS120416
008 - FIXED-LENGTH DATA ELEMENTS--GENERAL INFORMATION
fixed length control field 021111n 000 0 eng u
035 ## - SYSTEM CONTROL NUMBER
System control number (Sirsi) u120416
245 ## - TITLE STATEMENT
Title Power of Geography
520 ## - SUMMARY, ETC.
Summary, etc. Web site jointly sponsored by Association of Geographic Information, Intra-governmental Group for Geographic Information (IGGI) and Ordnance Survey which aims to promote the business benefits of using geospatial information.
650 ## - SUBJECT ADDED ENTRY--TOPICAL TERM
Topical term or geographic name entry element GEOGRAPHY
650 ## - SUBJECT ADDED ENTRY--TOPICAL TERM
Topical term or geographic name entry element GEOSPATIAL INFORMATION
690 ## - LOCAL SUBJECT ADDED ENTRY--TOPICAL TERM (OCLC, RLIN)
Topical term or geographic name as entry element Geomatics
9 (RLIN) 6242
856 40 - ELECTRONIC LOCATION AND ACCESS
Uniform Resource Identifier <a href="https://www.thepowerofgeography.com">https://www.thepowerofgeography.com</a>
Public note View the website free of charge at www.thepowerofgeography.com...
942 ## - ADDED ENTRY ELEMENTS (KOHA)
Suppress in OPAC 0
Holdings
Withdrawn status Lost status Source of classification or shelving scheme Damaged status Not for loan Home library Current library Shelving location Date acquired Total Checkouts Full call number Barcode Date last seen Copy number Price effective from Koha item type
    Dewey Decimal Classification     Virtual Virtual Online 11/11/2002   WEB SITE 120416-2001 06/08/2019 1 06/08/2019 Online material